Selene : (Registro nro. 30251)
[ vista simple ]
| 000 -LEADER | |
|---|---|
| fixed length control field | 00718nam a22001457a 4500 |
| 003 - CONTROL NUMBER IDENTIFIER | |
| control field | OSt |
| 005 - DATE AND TIME OF LATEST TRANSACTION | |
| control field | 20230919201601.0 |
| 008 - FIXED-LENGTH DATA ELEMENTS--GENERAL INFORMATION | |
| fixed length control field | 230919b |||||||| |||| 00| 0 eng d |
| 040 ## - CATALOGING SOURCE | |
| Transcribing agency | CO-JMCR |
| 082 04 - DEWEY DECIMAL CLASSIFICATION NUMBER | |
| Classification number | C / |
| Item number | SELa |
| 100 10 - MAIN ENTRY--PERSONAL NAME | |
| Personal name | Acosta, Victoria Eugenia, |
| Relator term | autora |
| 9 (RLIN) | 42385 |
| 245 ## - TITLE STATEMENT | |
| Title | Selene : |
| Remainder of title | la diosa de alas extendidas / |
| Statement of responsibility, etc. | Victoria Eugenia Acosta |
| 520 ## - SUMMARY, ETC. | |
| Summary, etc. | Selene, la de alas extendidas, es la diosa de la Luna y recorre el cielo en un carro tirado por dos caballos. Su belleza fue admirada por muchos hombres e incluso divinidades.<br/>Sus amores con el pastor Endimión y el dios Pan son los más famosos y hasta nuestros días llegan las diferentes versiones que de ellos se tiene noticia. |
| 942 ## - ADDED ENTRY ELEMENTS (KOHA) | |
| Source of classification or shelving scheme | Dewey Decimal Classification |
| Koha item type | Books |
No hay ítems disponibles.